| 000 | 00630nam a2200193Ia 4500 | ||
|---|---|---|---|
| 008 | 151119s9999||||xx |||||||||||||| ||und|| | ||
| 082 | _a823.91फिल्डिंग/स्टिल | ||
| 082 | _bGKKV32803 | ||
| 100 | _aफिल्डिंग जॉय | ||
| 245 | _aस्टिल लाईफ | ||
| 260 | _aपुणे | ||
| 260 | _bमेहता पब्लीशिग हाउस | ||
| 260 | _c2013 | ||
| 600 | _aफिल्डिंग जॉय | ||
| 630 | _aस्टिल लाईफ | ||
| 700 | _aफिल्डिंग जॉय | ||
| 730 | _aस्टिल लाईफ | ||
| 942 | _cBOOK | ||
| 999 |
_c1085104 _d1085101 |
||